000 01165nam0a22002891 4500
001 rc\3336084
005 20260406115009.0
021 _aRU
_b[72-34797]
035 _a(NLR Aleph) 007514989
090 _a7707323
_c7707323
100 _a20130115d1972 u y0rusy50 ca
101 0 _arus
102 _aRU
105 _ay ac |||||
200 1 _aТеория упругости неоднородных тел
_e(Библиогр. указ. отеч. и иностр. литературы)
_fАН МССР. Центр. науч. б-ка
210 _aКишинев
_cШтиинца
_d1972
215 _a246 с.
_d22
300 _aНа 3-й с. сост.: Г.Б. Колчин, Э.А. Фаверман
606 _aУпругости теория
_jУказатели литературы
_2psbo
702 1 _aФаверман
_bЭ.А.
_4220
702 1 _aКолчин
_bГ.Б.
_gГлеб Борисович
_4220
712 0 2 _aАН МССР
_cКишинев
_bЦентральная научная библиотека
_3RU\NLR\AUTH\8811273
_9295236
801 0 _aRU
_bNLR
_gpsbo
801 1 _aRU
_bELAR
_2rusmarc
852 _aNLR
_jС131-410/Т-33
942 _cBOOK
980 _aNB